Toutes les communes du canton de Pontchâteau (44) - Statistiques

Statistiques générales
  • Ce quiz a été pris 38 fois
  • Le résultat moyen est 6 sur 13
Réponses sur la Carte
Les réponses sont colorées sur une échelle allant du rouge au vert en fonction du pourcentage des utilisateurs qui les ont devinées à leur premier essai. Vous pouvez retrouver ces pourcentages ci-dessous.
 
Statistiques - réponses
Commune % Correct
Pontchâteau
100%
Missilac
55%
Sainte-Reine-de-Bretagne
55%
Crossac
45%
Drefféac
45%
Fégréac
45%
Sainte-Anne-sur-Brivet
45%
Saint-Gildas-des-Bois
45%
Avessac
36%
Guenrouet
36%
Plessé
36%
Saint-Nicolas-de-Redon
36%
Sévérac
27%
Aucun quiz correspondant
Distribution des résultats
% des personnes avec chaque résultat
Percentile par nombre de réponses
Votre historique - résultats
Vous n’avez pas pris ce quiz